Movies By 1 Actor and 1 Actress - Danny Trejo Edition - Statistics

General Stats
  • This quiz has been taken 7 times
  • The average score is 11 of 26
Answer Stats
Cast Movie % Correct
Jessica Alba, Robert De Niro Machete
86%
George Clooney, Juliette Lewis From Dusk Till Dawn
71%
Antonio Banderas, Salma Hayek Desperado
57%
Al Pacino, Natalie Portman Heat
57%
Mel Gibson, Sofia Vergara Machete Kills
57%
Johnny Depp, Eva Mendes Once Upon a Time in Mexico
57%
Adrien Brody, Alice Braga Predators
57%
Will Ferrell, Christina Applegate Anchorman: The Legend of Ron Burgundy
43%
Nicolas Cage, Rachel Ticotin Con Air
43%
Malcolm McDowell, Danielle Harris Halloween
43%
Ben Affleck, Charlize Theron Reindeer Games
43%
Alexa Vega, Daryl Sabara Spy Kids
43%
Sid Haig, Sheri Moon Zombie The Devil's Rejects
43%
Chow Yun-fat, Mira Sorvino The Replacement Killers
43%
Jennifer Lopez, Ice Cube Anaconda
29%
Willem Dafoe, Anonhi Animal Factory
29%
Jake Gyllenhaal, Swoosie Kurtz Bubble Boy
29%
Lauren Cohan, Ving Rhames Death Race 2
29%
Lance Henriksen, Lulu Wilson Gone Are the Days
29%
Sylvester Stallone, Kyra Sedgwick Reach Me
29%
Diego Luna, Zoe Saldana The Book of Life
29%
Rosario Dawson, Paul Giamatti The Haunted World of El Superbeasto
29%
Michael Madsen, Amber Benson The Killing Jar
29%
Adam Sandler, Tina Parker The Ridiculous 6
29%
Andy Samberg, Jennifer Aniston Storks
14%
Edward Furlong, Tara Reid The Crow: Wicked Prayer
14%
No matching quizzes found
Score Distribution
Percent of People with Each Score
Percentile by Number Answered
Your Score History
You have not taken this quiz